Govt. of
Madhya Pradesh

अनन्‍त काबरा खण्‍ड-2 लोक,सृजन (Record no. 63903)

MARC details
000 -LEADER
fixed length control field 00392nam a22000977a 4500
100 ## - MAIN ENTRY--AUTHOR NAME
Personal name डॉ.राहुल
245 ## - TITLE STATEMENT
Title अनन्‍त काबरा खण्‍ड-2 लोक,सृजन
260 ## - PUBLICATION, DISTRIBUTION, ETC. (IMPRINT)
Place of publication दिल्‍ली
Name of publisher यश पब्लिशर्स एंड डिस्‍ड्रीब्‍यूटर्स
650 ## - SUBJECT ADDED ENTRY--TOPICAL TERM
Topical Term कविता
942 ## - ADDED ENTRY ELEMENTS (KOHA)
Koha item type Hindi Books
Holdings
Withdrawn status Lost status Damaged status Not for loan Home library Current library Date acquired Cost, normal purchase price Full call number Accession Number Price effective from Koha item type
        MACL MACL 22/11/2020 995.00 891.433/RAH/P CRH036194 22/11/2020 Hindi Books